000 00751nam a22002655i 4500
001 18112374
003 OSt
005 20240530110630.0
008 140411s2014 mau 000 0 eng
020 _a9780878468072 (hardcover : alk. paper)
040 _aDLC
_beng
_erda
_cDLC
042 _apcc
082 0 4 _221
_a739.27\
_bM J
100 1 _aMarkowitz, Yvonne J.
245 1 0 _ajewels of ancient Nubia /
_cYvonne J. Markowitz, Denise Doxey.
263 _a1410
264 1 _aBoston, MA :
_bMFA Publications,
_c2014.
300 _apages cm
336 _atext
_2rdacontent
337 _aunmediated
_2rdamedia
338 _avolume
_2rdacarrier
906 _a0
_bibc
_corignew
_d2
_eepcn
_f20
_gy-gencatlg
942 _2ddc
_cBK
999 _c63230
_d63230